000 00984nam a22002295i 4500
001 176211
003 ES-MaACL
005 20230906220023.0
008 101223s1962 sp ao |||| | spa d
080 _a799.2
100 1 _aDurán Salas, Raimundo.
_9144499
245 1 0 _aMiscelánea cinegética
_b: explotación racional de la caza, la cría de las especies de caza, de todo un poco, apuntes, notas, consejos, máximas y refranes cinegéticos, la caza y la ley, vocabulario cinegético /
_cpor Raimundo Durán Salas, Salvador Pons Gendrau.
260 _aBarcelona :
_bSintes,
_cD. L. 1962.
300 _a324, [2] p. :
_bil. bl. y n. ;
_c23 cm.
490 1 _aCaza deportiva. Enciclopedia práctica del cazador ;
_v8
500 _aCon 157 ilustraciones.
650 4 _aCaza.
_910857
700 0 _aPons Gendrau, Salvador.
_993014
830 0 _aCaza deportiva. Enciclopedia práctica del cazador ;
_v8
_9189979
852 _aES-MaACL
_jE-13884
_xOlim P-649
999 _c176211
_d176211